000 00387 a2200169 4500
001 183554
020 _a85-250-3300-6
040 _cMagnum
100 _aSousa, Maurício de
240 1 0 _aManual de esportes do cascão
_lpor
245 1 0 _aManual de esportes do cascão
300 _a225
362 0 _a2003
440 1 _aGlobo
697 _aLITERATURA INFANTO-JUVENIL
942 _cBK
999 _c183554
_d183554